000 00224nam a2200097Ia 4500
008 120527s9999 xx 000 0 und d
100 _aPorter,R.I.
245 _aFurther elementry analysis.
260 _bPergamon
942 _cBK
999 _c22297
_d22297